{"text_format":"3","workbook":"xls","n_sheets":1,"sheets":["Hoja1"],"not_rendered":{"external_links":1,"defined_names":1},"read":"whole","date_system":"1900","formulas":"cached_only"}

{"sheet":"Hoja1","index":0,"n_rows":77,"n_cols":8,"rows_kept":77,"merged":[[9,0,10,0],[9,1,10,1],[9,2,10,2],[9,3,10,3],[9,4,10,4],[9,5,10,5],[9,6,10,6],[9,7,10,7],[72,5,72,6],[73,5,73,6]],"flags":["formulas_cached_only"]}
[]
["Servicio Nacional de Salud"]
["Informe Mensual de Almacén General, Despensa y Medicina "]
[]
["ALMACEN: SUMINISTRO  Y OFICINA "]
["ESTABLECIMIENTO: Hospital Yrene Fernández  REGION II"]
["AREA DE SALUD ________________________MES  ABRIL      AÑO 2020",null,"MES    AGOSTO",null,"AÑO 2025"]
[]
[]
["ARTICULO","UNIDAD","EXISTENCIA ANTERIOR","ENTRADA","CONSUMIDO","EXISTENCIA FINAL","VALOR UNITARIO","VALOR TOTAL"]
[]
["Papel  81/2 x 11","Resma ",5,10,7,8,{"v":407,"d":"407.00"},{"v":3256,"d":"3,256.00"}]
["Papel  81/2 x 14","Resma ",6,0,2,4,{"v":250,"d":"250.00"},{"v":1000,"d":"1,000.00"}]
["Papel sumadora 2 1/4","Rollo",3,0,0,3,{"v":20,"d":"20.00"},{"v":60,"d":"60.00"}]
["Folder 8 1/2 x 11","Caja",4,0,2,2,{"v":302,"d":"302.00"},{"v":604,"d":"604.00"}]
["Sobre manilla 8 1/2 x 11","UNIDAD",600,0,450,150,{"v":15,"d":"15.00"},{"v":2250,"d":"2,250.00"}]
["Sobre manilla 14 x 17","Unidad",0,0,0,0,{"v":4.7,"d":"4.70"},{"v":0,"d":"0.00"}]
["CD ","UNIDAD",600,0,300,300,{"v":16,"d":"16.00"},{"v":4800,"d":"4,800.00"}]
["Lapiz Carbon ","Caja ",5,0,1,4,{"v":90,"d":"90.00"},{"v":360,"d":"360.00"}]
["Resaltador ","UNIDAD",3,0,1,2,{"v":29,"d":"29.00"},{"v":58,"d":"58.00"}]
["Grapadora ","UNIDAD",0,0,0,0,{"v":225,"d":"225.00"},{"v":0,"d":"0.00"}]
["Postin","Docena ","25",0,5,20,{"v":199,"d":"199.00"},{"v":3980,"d":"3,980.00"}]
["Lapicero azul ","Caja ","13",0,1,12,{"v":98,"d":"98.00"},{"v":1176,"d":"1,176.00"}]
["Lapicero rojo","Caja ","1",0,0,1,{"v":98,"d":"98.00"},{"v":98,"d":"98.00"}]
["Borrador de leche ","Caja",6,0,5,1,{"v":256.4,"d":"256.40"},{"v":256.4,"d":"256.40"}]
["Humectante para dedos","UNIDAD",3,0,0,3,{"v":85,"d":"85.00"},{"v":255,"d":"255.00"}]
["Liquid paper ","UNIDAD ",3,0,0,3,{"v":60,"d":"60.00"},{"v":180,"d":"180.00"}]
["Cinta adhesiva transparente ","UNIDAD",12,0,0,12,{"v":34,"d":"34.00"},{"v":408,"d":"408.00"}]
["Cuaderno","UNIDAD",0,12,0,12,{"v":82,"d":"82.00"},{"v":984,"d":"984.00"}]
["Gomitas ","Caja ",14,0,0,14,{"v":22,"d":"22.00"},{"v":308,"d":"308.00"}]
["Tinta Rollón","UNIDAD",0,0,0,0,{"v":100,"d":"100.00"},{"v":0,"d":"0.00"}]
["Clip pequeñó","Caja",7,0,5,2,{"v":14,"d":"14.00"},{"v":28,"d":"28.00"}]
["Clip grande ","Caja",8,0,0,8,{"v":49,"d":"49.00"},{"v":392,"d":"392.00"}]
["Cartulina ","Unidad ",0,0,0,0,{"v":25,"d":"25.00"},{"v":0,"d":"0.00"}]
["Marcadores 12 udes","Unidad ",5.5,0,0,5.5,{"v":255,"d":"255.00"},{"v":1402.5,"d":"1,402.50"}]
["Grapa ","Caja",7,0,1,6,{"v":79,"d":"79.00"},{"v":474,"d":"474.00"}]
["Sacagrapa","Unidad ",4,0,1,3,{"v":25,"d":"25.00"},{"v":75,"d":"75.00"}]
["Sacapunta","Unidad",5,0,1,4,{"v":35,"d":"35.00"},{"v":140,"d":"140.00"}]
["Perforadora ","Unidad ",2,0,0,2,{"v":430,"d":"430.00"},{"v":860,"d":"860.00"}]
["Tijera ","Unidad",0,0,0,0,{"v":250,"d":"250.00"},{"v":0,"d":"0.00"}]
["Marquintel","Unidad",0,24,8,16,{"v":45,"d":"45.00"},{"v":720,"d":"720.00"}]
["Papel carbon ","Paquete ",1,0,0,1,{"v":350,"d":"350.00"},{"v":350,"d":"350.00"}]
["Toner 650","Unidad",4,0,2,2,{"v":1500,"d":"1,500.00"},{"v":3000,"d":"3,000.00"}]
["Toner 285","Unidad",5,0,2,3,{"v":1150,"d":"1,150.00"},{"v":3450,"d":"3,450.00"}]
["Toner 230","Unidad",4,0,1,3,{"v":2500,"d":"2,500.00"},{"v":7500,"d":"7,500.00"}]
["Toner 217 ","Unidad ",4,0,1,3,{"v":2500,"d":"2,500.00"},{"v":7500,"d":"7,500.00"}]
["Clip carpeta ","Caja",7,0,1,6,{"v":135,"d":"135.00"},{"v":810,"d":"810.00"}]
["Pila Duracell AA","Paquete",0,0,0,0,{"v":160,"d":"160.00"},{"v":0,"d":"0.00"}]
["Recetarios ","Talonarios ",80,0,20,60,{"v":150,"d":"150.00"},{"v":9000,"d":"9,000.00"}]
["Talonarios analitica ","Talonarios ",60,0,14,46,{"v":150,"d":"150.00"},{"v":6900,"d":"6,900.00"}]
["Subtotal",{"$nulls":6},{"v":62634.9,"d":"62,634.90"}]
["Limpieza "]
["Cloro","Caja ",6,0,1,5,419.96,{"v":2099.7999999999997,"d":"2,099.80"}]
["Desinfectante","Caja ",6,0,2,4,819.96,{"v":3279.84,"d":"3,279.84"}]
["Jabón de cuaba en pasta ","Caja ",2,0,1,1,{"v":812,"d":"812.00"},{"v":812,"d":"812.00"}]
["Ace ","Saco",5,0,2,3,{"v":973,"d":"973.00"},{"v":2919,"d":"2,919.00"}]
["Suavitel","Unidad",6,0,3,3,{"v":380,"d":"380.00"},{"v":1140,"d":"1,140.00"}]
["Suaper ","Unidad",2,12,7,7,{"v":275,"d":"275.00"},{"v":1925,"d":"1,925.00"}]
["Escoba ","Unidad",10,1,9,2,{"v":150,"d":"150.00"},{"v":300,"d":"300.00"}]
["Jabón líquido","Galón ",6,0,3,3,{"v":275,"d":"275.00"},{"v":825,"d":"825.00"}]
["Nabaja ","Paquete",1,0,0,1,{"v":570,"d":"570.00"},{"v":570,"d":"570.00"}]
["Spray limpia espejo","Unidad",1,0,0,1,{"v":107,"d":"107.00"},{"v":107,"d":"107.00"}]
["Cepillo para inodoro","Unidad",2,0,0,2,{"v":90,"d":"90.00"},{"v":180,"d":"180.00"}]
["Funda roja 35 galones ","unidad",0,0,0,0,{"v":6,"d":"6.00"},{"v":0,"d":"0.00"}]
["Toalla mediana ","Unidad",24,0,0,24,{"v":40,"d":"40.00"},{"v":960,"d":"960.00"}]
["Papel de Baño","Faldo",2,5,2,5,875.88,{"v":4379.4,"d":"4,379.40"}]
["Toalla absorbente ","Faldo",3,0,2,1,184.99,184.99]
["Guante multiuso","Par ",8,6,5,9,{"v":117,"d":"117.00"},{"v":1053,"d":"1,053.00"}]
["funda negras 35 galones ","Unidad",0,0,0,0,32.99,{"v":0,"d":"0.00"}]
["funda negras 30 galones ","Unidad",400,0,100,300,32.99,{"v":9897,"d":"9,897.00"}]
["Funda negras 55 galones ","Unidad ",1500,null,500,1000,32.99,{"v":32990,"d":"32,990.00"}]
["Guante small","Paquete",10,0,4,6,{"v":120,"d":"120.00"},{"v":720,"d":"720.00"}]
[{"$nulls":5},"SUBTOTAL",null,{"v":64342.03,"d":"64,342.03"}]
[{"$nulls":5},"Total general",null,{"v":126976.93,"d":"126,976.93"}]
[]
[]
["Encargada de Almacén",null,null,"Administrador ",null,null,"Directora"]